000 02086nam a2200301Ia 4500
999 _c56214
_d56214
001 23315
003 GE_BSU
005 20251205151055.0
008 181216s1989||||ge |||||||||||||| ||geo||
040 _cGE_BSU
041 _ageo
080 _a94(479.22)"13 კ-49
100 _aკიკნაძე, ვაჟა
_95091
245 _aსაქართველო XIV საუკუნეში /
_c ვაჟა კიკნაძე ; რედაქტორი მ. დუმბაძე ; საქართველოს სსრ მეცნიერებათა აკადემია, ივ. ჯავახიშვილის სახელობის ისტორიის, არქეოლოგიისა და ეთნოგრაფიის ინსტიტუტი.
250 _aსაქ. სსრ მეცნ. აკად., ისტორიის, არქეოლოგიისა და ეთნოგრაფიის ინ-ტი.
264 _aთბილისი :
_bმეცნიერება,
_c1989.
300 _a180 გვ. ;
_c20 სმ.
500 _aთავფურცელზე ავტორის მინაწერი
504 _aბიბლიოგრაფია ტექსტის შენიშვნებში
520 _aრეზიუმე რუსულ ენაზე
541 _h3 ლ.
653 _aსაქართველო XIV საუკუნეში
653 _aსაქართველოს ისტორია, XIV ს
700 _aდუმბაძე, მ.
_eრედაქტორი
_926365
700 _aცინცაძე, ს.
_eმხატვარი
_921086
710 _aსაქართველოს სსრ მეცნიერებათა აკადემია ; ივ. ჯავახიშვილის სახელობის ისტორიის, არქეოლოგიისა და ეთნოგრაფიის ინსტიტუტი
_926366
942 _cBK
_2udc